Responses for show #8180 - Friday, March 13, 2020

Contestants

[<< previous game]

Duncan Weals, a law student from Silver Spring, Maryland

Kim Lifeso, an associate director of scientific training from Hamilton, Ontario, Canada

Jessica Babbitt, a personal stylist from Austin, Texas (whose 2-day cash winnings total $46,598)

[next game >>]

Jeopardy! Round responses

PETAL PUSHERS
ATHLETIC ACHIEVEMENTS
STATE THE PROBLEM
FIRST NAMES OF FAMOUS PAIRS
SMITHSONIAN AIR & SPACE MUSEUM
S PLUS 3 LETTERS
    $200 21
roses

Jessica
    $200 13
(Jessica: Who is King?)
(Duncan: Who is Steffi Graf?)
(Kim: Who is Chris Evert?)
(Alex: No, who is [*]? I should look at these clues and make them easier.)
[Laughter]

Martina Navratilova

JessicaKimDuncan
Triple Stumper
    $200 11
(Kim: What is Montana?)
(Jessica: What is North Dakota?)

South Dakota

JessicaKim
Triple Stumper
    $200 6
astronauts

Duncan
    $200 1
stew

Kim
    $400 22
the Netherlands

Jessica
    $400 14
Pelé

Triple Stumper
    $400 12
Louisiana

Triple Stumper
    $400 27
[The end-of-round signal sounds.]

John & Karl

Duncan
    $400 7
(Jessica: What is the Apollo program?)

the Gemini program

Jessica
Triple Stumper
    $400 2
spud

Duncan
    $600 23
(Alex: Less than a minute now.)

Mercury

Jessica
    $600 15
(Alex: [*] is right! Hey, good. That's a correct response.)
[Laughter]
(Alex: I think it's a good time for us to take a break. We can all relax for a moment. They'll gather themselves and they'll do a lot better when we come back.)

Six

Duncan
    $600 17
Massachusetts

Duncan
    $600 26
(Kim: Who are Edward and... oh, nope.)

Bob & Carl

KimDuncan
    $600 8
John Glenn

Duncan
    $600 3
sumo

Jessica
    $800 16
Lou Gehrig

Triple Stumper
    $1,500 18
Alabama

Duncan
    $800 25
George & Gracie

Triple Stumper
    $800 9
jet propulsion

Triple Stumper
    $800 4
sway

Jessica
    $1000 20
(Kim: Who is Arnold Palmer?)

Jack Nicklaus

KimDuncan
    $1000 19
(Duncan: What is Illinois?)

Michigan

Duncan
Triple Stumper
    $1000 24
(Kim: Uh, who are Esther--[*]?)
(Alex: Say it again.)

Edmund & Tenzing

Kim
    $1000 10
aerobatics

Triple Stumper
    $1000 5
silt

Duncan

Scores at the first commercial break (after clue 15):

Jessica Kim Duncan
$600 -$200 $2,600

Scores at the end of the Jeopardy! Round:

Jessica Kim Duncan
$1,800 -$800 $5,700

Double Jeopardy! Round responses

HAJJ-PODGE
WHO DID SHE MARRY?
1940s LITERATURE
"R" WE THERE YET?
(Alex: Each correct response will begin with the letter R.)
THE NORMAN CONQUEST
PORTMANTEAU WORDS
    $400 11
sins

Duncan
    $400 1
John Krasinski

Kim
    $400 18
Animal Farm

Duncan
    $400 6
Reno

Jessica
    $400 26
(Duncan: Who is William?)

Edward

JessicaDuncan
    $400 13
metrosexual

Duncan
    $800 12
(Jessica: What is bread?)

water

Jessica
Triple Stumper
    $800 2
Justin Timberlake

Jessica
    $800 19
Blanche DuBois

Jessica
    $800 7
Reunion

Jessica
    $800 27
horseback

Triple Stumper
    $800 14
cosplay

Kim
    $1200 21
pillar

Jessica
    $1200 3
Nick Jonas

Jessica
    $1200 20
The Lost Weekend

Triple Stumper
    $1200 8
the Rhine

Kim
    $1200 28
Hastings

Jessica
    $1200 15
turducken

Kim
    $1600 22
Mecca

Kim
    $1600 4
Andre Agassi

Kim
    $1600 24
Pearl Buck

Triple Stumper
    $1600 9
Rainbow Bridge

Duncan
    $1600 29
trial

Jessica
    $2,000 16
(Kim: Hmm... No, I don't have it.)

affluenza

Kim
    $2000 23
the Kaaba

Duncan
    $2000 5
Ellen DeGeneres

Jessica
    $2000 25
(Ezra) Pound

Kim
    $2000 10
Reading

Duncan
    $2,000 30
Westminster Abbey

Jessica
    $2000 17
a chortle

Triple Stumper

Scores at the end of the Double Jeopardy! Round:

Jessica Kim Duncan
$13,400 $6,000 $12,100

[wagering suggestions for these scores]

Final Jeopardy! Round responses

BIRDS
KimWhat is Ab Albatross
$3,000
DuncanWhat is...Boobie?
$6,000
JessicaWhat is albatross
$11,600
albatross

Final scores:

Jessica Kim Duncan
$25,000 $9,000 $6,100
3-day champion: $71,598 2nd place: $2,000 3rd place: $1,000

Game dynamics:

Coryat scores:

Jessica Kim Duncan
$13,400 $8,000 $11,400
16 R
(including 1 DD),
4 W
9 R,
5 W
(including 1 DD)
16 R
(including 1 DD),
3 W

Combined Coryat: $32,800

The J! Archive is created by fans, for fans. The Jeopardy! game show and all elements thereof, including but not limited to copyright and trademark thereto, are the property of Jeopardy Productions, Inc. and are protected under law. This website is not affiliated with, sponsored by, or operated by Jeopardy Productions, Inc. Join the discussion at JBoard.tv.